000 01299nam a2200313 i 4500
003 EG-GICUC
005 20260508172315.0
008 260418s1923 ua ||||fr|||| 00| 0 ara d
040 _a EG-GICUC
_bdan
_c EG-GICUC
_d EG-GICUC
_erda
041 0 _aara
082 0 4 _221
_a343.11222
_bو ز . ت
092 0 4 _221
099 _aLaw1 10 343.11222 و ز . ت 1923
110 _a وزارة الحربية
_eAuthor.
245 0 0 _aتعليمات الصحراء وقواعد الإجراءات الجنائية والمدنية /
_cوزارة الحربية، مصلحة أقسام الحدود.
264 3 _aالقاهرة :
_bالمطبعة الأميرية،
_c 1923.
300 _a123 صفحة ؛
_bإيضاحيات، صور، مثيليات ؛
_c24 سم
336 _2rda content
_atext
337 _2rda media
_aComputer
338 _2rda carrier
_aOnline Resource
504 _aيشتمل علي ارجاعات ببليوجرافية
546 _aالنص باللغة العربية مترجم من الانجليزية
650 1 4 _aالقانون الجنائي
_2qrmak
650 1 4 _aالجريمة الجنائية والجريمة المدنية
651 1 _2qrmak
856 4 0 _uhttps://fll.law.cu.edu.eg/fulltext/bks/B10-10046.pdf
905 _a74
942 _2ddc
_n0
_cBK
_e21
999 _c71651
_d71651